000 00489nam a2200181Ia 4500
001 11740
005 20260306162850.0
008 260306t2020||||xx |||||||||||||| ||spa||
041 _aESP
082 _aHR 100
_bV. 29 F. 1 2020 AP
100 _aPontificia UniversitĂ  Della Santa Croce
_eAUT
245 0 _aActa Philosophica:
_brivista internazionale di filosofia
260 _c2020
300 _a249 páginas :
_c24 cm.
650 _aGEN
654 _aCHU
942 _cREV
_dJUS
_fJUS
_2ddc
_n
999 _c11740
_d11740